|
|
|
|
| LEADER |
01262nam a2200325 a 4500 |
| 001 |
16039477 |
| 008 |
100104s2010 enka b 001 0 eng |
| 010 |
|
|
|a 2009051968
|
| 020 |
|
|
|a 9781849711012 (hardback)
|
| 020 |
|
|
|a 1849711011 (hardback)
|
| 020 |
|
|
|a 9781849711029 (pbk.)
|
| 020 |
|
|
|a 184971102X (pbk.)
|
| 035 |
|
|
|a (OCoLC)ocn496159984
|
| 040 |
|
|
|a DLC
|c DLC
|d UKM
|d YDXCP
|d CDX
|d C#P
|d DLC
|d BD-DhAAL
|
| 082 |
0 |
0 |
|a 614.4
|2 22
|
| 245 |
0 |
0 |
|a Epidemics :
|b science, governance, and social justice /
|c edited by Sarah Dry and Melissa Leach.
|
| 260 |
|
|
|a London ;
|a Washington, DC :
|b Earthscan,
|c 2010.
|
| 300 |
|
|
|a xv, 299 p. :
|b ill. ;
|c 24 cm.
|
| 490 |
1 |
|
|a Pathways to sustainability series
|
| 504 |
|
|
|a Includes bibliographical references and index.
|
| 541 |
|
|
|e 00023091
|
| 650 |
|
0 |
|a Epidemics.
|
| 650 |
|
0 |
|a Epidemics
|x Social aspects.
|
| 650 |
|
0 |
|a Epidemics
|x Political aspects.
|
| 700 |
1 |
|
|a Dry, Sarah,
|d 1974-
|
| 700 |
1 |
|
|a Leach, Melissa.
|
| 830 |
|
0 |
|a Pathways to sustainability series.
|
| 852 |
1 |
|
|a Ayesha Abed Library
|c General Shelf.
|
| 999 |
|
|
|c 10959
|d 10959
|
| 952 |
|
|
|0 0
|1 0
|2 ddc
|4 0
|6 614_400000000000000_EPI
|7 0
|9 17165
|a BRACUL
|b BRACUL
|c GEN
|d 2011-06-06
|e Trim Education
|l 1
|m 10
|o 614.4 EPI
|p 3010023091
|r 2026-02-26
|s 2025-12-11
|t 1
|w 2011-06-11
|y BK
|